000 00692nam a2200217Ii 4500
003 JO-AjNU
008 230605s9999||||xx |||||||||||||| ||und||
017 _a1990/5063
040 _aJO-AjNU
_bara
_erda
_cJO-AjNU
041 _aara
050 1 4 _aDT107.83.H396 1990
100 3 _aهيكل، محمد حسنين,
_eauthor
_942597
245 0 0 _aالانفجار 1967: حرب الثلاثين سنة
250 _aط1
264 3 1 _aالقاهرة: مركز الاهرام للترجمة والنشر، 1990
300 _a1089ص
336 _atext
_btxt
_2rdacontent
337 _aunmediated
_bn
_2rdamedia
338 _avolume
_bnc
_2rdacarrier
650 4 _aحرب 1967 -تاريخ
_942598
999 _aA18251
_c21819
_d21819